000 00446nam a22001697a 4500
003 MACL
005 20160730123050.0
008 160730b xxu||||| |||| 00| 0 eng d
040 _cMACL
041 _aEnglish
082 _a824 PRA
100 _aPrasad, Rajendra
_965751
245 _aCulture, Democracy And Development
_cRajendra Prasad
260 _aNew Delhi
_bRajendra Bhawan Trust
_c2013
650 _aMemory
_922495
942 _2ddc
_cBK
999 _c55314
_d55314